The Office (UK) Characters - Statistics

General Stats
  • This quiz has been taken 339 times
  • The average score is 10 of 20
Answer Stats
# Hint Answer % Correct
1 Incompetent and irritating regional manager of the Slough branch David Brent
99%
4 Receptionist and aspiring illustrator Dawn Tinsley
97%
3 Selfish and pedantic deskmate of above Gareth Keenan
96%
2 Friendly and popular sales representative Tim Canterbury
96%
5 Bullying outside sales representative Chris Finch
87%
8 Laconic and overweight accountant Keith Bishop
74%
6 Regional manager of Swindon branch, later UK manager Neil Godwin
67%
9 Warehouse worker and receptionist's fiancé Lee
57%
7 Supervisor of #1, later made a partner of Wernham Hogg Jennifer Taylor-Clarke
54%
20 The other one The Ogg Monster
53%
10 Disrespectful warehouse foreman Glynn
35%
11 Temp and quiz winner Ricky
34%
14 Transfer from Swindon branch, briefly in a relationship with #2 Rachel
31%
12 Temp, begins a relationship with above Donna
24%
18 Briefly personal secretary of #1 Karen Roper
18%
15 Promiscuous Welsh office worker Trudy
17%
13 Good-natured office worker from Swindon branch, often subject to unintentional racism from #1 Oliver
16%
19 One of #3's friends Jimmy the Perv
15%
17 IT worker, martial arts enthusiast and conspiracy theorist Simon
12%
16 Wheelchair using office worker, often patronised by #1 Brenda
7%
No matching quizzes found
Score Distribution
Percent of People with Each Score
Percentile by Number Answered
Your Score History
You have not taken this quiz